000 00575nam a2200181Ia 4500
008 090124s9999 xx 000 0 und d
082 _b31189
100 _aराऊत शान्ताराम का.
245 _a बोधचिन्ह
250 _a1
260 _bफुलराणी प्रकाशन
_c1993
300 _a58
600 _aराऊत शान्ताराम का.
630 _a बोधचिन्ह
700 _aराऊत शान्ताराम का.
730 _a बोधचिन्ह
942 _cBOOK
999 _c97253
_d97253